Определение зависимости температуры плавления смеси фторида и гидродифторида аммония от их сооотношения; Химия и химическая технология в XXI веке; Т. 1

Detalles Bibliográficos
Parent link:Химия и химическая технология в XXI веке: материалы XVI Международной научно-практической конференции студентов и молодых ученых, посвященной 115-летию со дня рождения профессора Л. П. Кулёва, Томск, 25-29 мая 2015 г./ Национальный исследовательский Томский политехнический университет (ТПУ) ; Институт природных ресурсов (ИПР) ; Институт физики высоких технологий (ИФВТ) ; Физико-технический институт (ФТИ) ; Российский фонд фундаментальных исследований (РФФИ).— , 2015
Т. 1.— 2015.— [С. 94-96]
Autor Principal: Усольцева И. О. Ирина Олеговна
Autor Corporativo: Национальный исследовательский Томский политехнический университет (ТПУ) Физико-технический институт (ФТИ) Кафедра химической технологии редких, рассеянных и радиоактивных элементов (№ 43) (ХТРЭ)
Outros autores: Кантаев А. С. Александр Сергеевич (научный руководитель)
Summary:Заглавие с титульного экрана
Idioma:ruso
Publicado: 2015
Series:Химия и химическая технология неорганических веществ и материалов
Subjects:
Acceso en liña:http://earchive.tpu.ru/handle/11683/19636
http://www.lib.tpu.ru/fulltext/c/2015/C27/V1/042.pdf
Formato: MixedMaterials Electrónico Capítulo de libro
KOHA link:https://koha.lib.tpu.ru/cgi-bin/koha/opac-detail.pl?biblionumber=613077

MARC

LEADER 00000naa2a2200000 4500
001 613077
005 20250709133208.0
035 |a (RuTPU)RU\TPU\conf\11208 
035 |a RU\TPU\conf\11206 
090 |a 613077 
100 |a 20150706d2015 k y0rusy50 ca 
101 0 |a rus 
102 |a RU 
135 |a drcn ---uucaa 
181 0 |a i  
182 0 |a b 
200 1 |a Определение зависимости температуры плавления смеси фторида и гидродифторида аммония от их сооотношения  |f И. О. Усольцева  |g науч. рук. А. С. Кантаев 
203 |a Текст  |c электронный 
225 1 |a Химия и химическая технология неорганических веществ и материалов 
300 |a Заглавие с титульного экрана 
320 |a [Библиогр.: с. 96 (2 назв.)] 
337 |a Adobe Reader 
461 1 |0 (RuTPU)RU\TPU\conf\10702  |t Химия и химическая технология в XXI веке  |o материалы XVI Международной научно-практической конференции студентов и молодых ученых, посвященной 115-летию со дня рождения профессора Л. П. Кулёва, Томск, 25-29 мая 2015 г.  |o в 2 т.  |f Национальный исследовательский Томский политехнический университет (ТПУ) ; Институт природных ресурсов (ИПР) ; Институт физики высоких технологий (ИФВТ) ; Физико-технический институт (ФТИ) ; Российский фонд фундаментальных исследований (РФФИ)  |d 2015 
463 1 |0 (RuTPU)RU\TPU\conf\10704  |t Т. 1  |v [С. 94-96]  |d 2015 
610 1 |a труды учёных ТПУ 
610 1 |a электронный ресурс 
610 1 |a плавление 
610 1 |a фториды 
610 1 |a гидродифторид аммония 
610 1 |a фтористый водород 
610 1 |a неорганические фториды 
700 1 |a Усольцева  |b И. О.  |c химик  |c старший преподаватель Томского политехнического университета  |f 1993-  |g Ирина Олеговна  |9 19963 
702 1 |a Кантаев  |b А. С.  |c химик-технолог  |c доцент Томского политехнического университета, кандидат наук  |f 1981-  |g Александр Сергеевич  |4 727  |9 12916 
712 0 2 |a Национальный исследовательский Томский политехнический университет (ТПУ)  |b Физико-технический институт (ФТИ)  |b Кафедра химической технологии редких, рассеянных и радиоактивных элементов (№ 43) (ХТРЭ)  |3 (RuTPU)RU\TPU\col\18733 
801 2 |a RU  |b 63413507  |c 20210204  |g RCR 
850 |a 63413507 
856 4 |u http://earchive.tpu.ru/handle/11683/19636 
856 4 |u http://www.lib.tpu.ru/fulltext/c/2015/C27/V1/042.pdf 
942 |c CF